Introduction to modern optics / (رقم التسجيلة. 39906)

تفاصيل مارك
000 -الفاتح
حقل البيانات ثابتة الطول 01075cam a2200301 a 4500
001 - رقم الضبط
رقم الضبط 2438586
003 - محدد رقم الضبط
رقم الضبط OSt
005 - وقت وتاريخ اخر تعامل مع التسجيلة
رقم الضبط 20161204124438.0
008 - عناصر البيانات ثابتة الطول - معلومات عامة
حقل البيانات ثابتة الطول 881117r19891975nyua b 001 0 eng
010 ## - رقم ضبط مكتبة الكونجرس
رقم ضبط مكتبة الكونجرس 88033441
020 ## - الرقم الدولى المعيارى للكتب
الرقم الدولى المعيارى للكتاب 0486659577
020 ## - الرقم الدولى المعيارى للكتب
الرقم الدولى المعيارى للكتاب 9780486659572
040 ## - مصدر الفهرسة
وكالة الفهرسة الأصلية DLC
وكالة النسخ DLC
وكالة التعديل DLC
082 00 - رقم تصنيف ديوى العشرى
رقم التصنيف 535.2
رقم الطبعة 22
رقم المادة FGI
100 1# - المدخل الرئيسى - إسم شخصى
الإسم الشخصى Fowles, Grant R.
9 (RLIN) 38875
245 10 - بيان العنوان
العنوان Introduction to modern optics /
بيان المسئوليه,etc by Grant R. Fowles.
250 ## - بيان الطبعة
بيان الطبعة 2nd ed., Dover ed.
260 ## - PUBLICATION, DISTRIBUTION, ETC. (IMPRINT)
مكان الناشر او الموزع New York :
اسم الناشر او الموزع Dover Publications,
تاريخ النشر أو التوزيع 1989, c1975.
300 ## - الوصف المادى
التعداد viii, 328 p. :
تفاصيل ماديه اخرى للوعاء ill. ;
أبعاد الوعاء 22 cm.
500 ## - تبصرة عامة
تبصرة عامة Reprint. Originally published: 2nd ed. New York : Holt, Rinehart, and Winston, 1975.
500 ## - تبصرة عامة
تبصرة عامة Includes index.
504 ## - تبصرة ببليوجرافية
تبصرة ببليوجرافية,الخ Bibliography: p. 317-318.
650 #0 - المدخل الاضافى بالموضوع-مصطلح موضوعى
مصطلح موضوعي أو اسم جغرافي كعنصر مدخل Physical optics.
9 (RLIN) 56978
856 42 - الوصول و الموقع الالكترونى
مواد محددة Publisher description
معرف المصدر الموحد <a href="http://www.loc.gov/catdir/description/dover031/88033441.html">http://www.loc.gov/catdir/description/dover031/88033441.html</a>
856 41 - الوصول و الموقع الالكترونى
مواد محددة Table of contents only
معرف المصدر الموحد <a href="http://www.loc.gov/catdir/enhancements/fy1318/88033441-t.html">http://www.loc.gov/catdir/enhancements/fy1318/88033441-t.html</a>
906 ## - عنصر بيانات محلى F, LDF (RLIN)
a 7
b cbc
c orignew
d 1
e ocip
f 19
g y-gencatlg
942 ## - عناصر المدخل الإضافي( كوها)
مصدر التصنيف او مخطط الترفيف Dewey Decimal Classification
Koha [default] item type كتاب
المقتنيات
حالة الفقد نموذج السعر الفعال حالة تلف ليس للاعارة رقم الطلب تاريخ الاكتساب الموقع الحالي الباركود الفرع الرئيسي Date last seen نوع المادة فى نظام كوها مصدر التصنيف او خطة الترفيف Total Checkouts
  2017-02-06     535.2 FGI 2017-02-06 المكتبة المركزية بالمجمعة (CL) 00655831 المكتبة المركزية بالمجمعة (CL) 2017-02-06 كتاب Dewey Decimal Classification  
  2017-02-06     535.2 FGI 2017-02-06 المكتبة المركزية بالمجمعة (CL) 00655832 المكتبة المركزية بالمجمعة (CL) 2017-02-06 كتاب Dewey Decimal Classification  
  2017-02-06     535.2 FGI 2017-02-06 المكتبة المركزية بالمجمعة (CL) 00655833 المكتبة المركزية بالمجمعة (CL) 2017-02-06 كتاب Dewey Decimal Classification  
  2017-02-15     535.2 FGI 2017-02-15 مكتبة مجمع الكليات بالزلفى - طلاب (SZM) 00655875 مكتبة مجمع الكليات بالزلفى - طلاب (SZM) 2017-02-15 كتاب Dewey Decimal Classification  
  2017-02-15     535.2 FGI 2017-02-15 مكتبة مجمع الكليات بالزلفى - طلاب (SZM) 00655876 مكتبة مجمع الكليات بالزلفى - طلاب (SZM) 2017-02-15 كتاب Dewey Decimal Classification